Hova tovább, gimnazisták? Felvételi esélyek, lehetőségek, adatok

Elmentve itt :
Bibliográfiai részletek
Dokumentumtípus: Cikk
Megjelent: 1995-03-08
Sorozat:Délmagyarország 85 No. 57
Kulcsszavak:Egyetemi felvételi, 1995
Online Access:http://dmarchiv.bibl.u-szeged.hu/79317
LEADER 00450nab a2200145 i 4500
001 delm79317
005 20191014103519.0
008 191014s1995 hu o 0|| hun d
040 |a SZTE Délmagyarország Archívum  |b hun 
041 |a hun 
245 0 0 |a Hova tovább, gimnazisták? Felvételi esélyek, lehetőségek, adatok  |h [elektronikus dokumentum] 
260 |c 1995-03-08 
300 |a 6 
490 0 |a Délmagyarország  |v 85 No. 57 
695 |a Egyetemi felvételi, 1995